00545cam a22001692 4500001001100000005001700011008004100028020002800069040001500097050002100112100004000133245007400173260002900247300001600276650004900292700003400341000000411620151217145755.0070521s xx 000 0 eng d a8173663211 :cKES 2,600 aKABUcKABU 0aQA76.73b.J38M661 aMonson-Haefel, Richard.@000015449110aJava message service /cRichard Monson-Haefel, and David A. Chappell. aBangalore :bSPD,c2001. axvi, 220 p. 0aJava (Computer program language)@00001481691 aChappel, David A.@0000154492